Loading...

De vele gezichten van Katharina von Bora : de vrouw van Maarten Luther als toonbeeld van de tijd

"Katharina von Bora (1499-1552): de vrouw die eeuwenlang vooral ‘de vrouw van’ werd genoemd, maar zoveel meer was. Door de eeuwen heen telkens opnieuw verbeeld op manieren die vooral pasten bij behoeften van de tijd. In dit boek beschrijft curator Inge Weustink onder meer hoe het beeld van Kath...

Full description

Saved in:
Bibliographic Details
Main Authors: Kootte, T. G. (Author, VerfasserIn)
Hiebsch, Sabine (VerfasserIn)
Weustink, Inge (VerfasserIn)
Corporate Author: Luther Museum (Herausgebendes Organ)
Document Type: Book
Language:Dutch
Published: Amsterdam : Luther Museum , [2025]
Amsterdam : Stichting Lutherse Uitgeverij & Boekhandel , [2025]
Subjects:
Online Access:Inhaltsverzeichnis
Author Notes:tekst, Tanja Kootte, Sabine Hiebsch, Inge Weustink [und 3 weitere]
LEADER 03576cam a2200529 c 4500
001 1963563158
003 DE-627
005 20260421225036.0
007 tu
008 260305s2025 ne ||||| c 00| ||dut c
020 |a 9789076093680  |q paperback  |9 978-90-76093-68-0 
035 |a (DE-627)1963563158 
035 |a (DE-599)KXP1963563158 
035 |a (OCoLC)1582204030 
040 |a DE-627  |b ger  |c DE-627  |e rda 
041 |a dut 
044 |c XA-NL 
084 |a KUNST  |q DE-16  |2 fid 
084 |a 1  |2 ssgn 
100 1 |a Kootte, T. G.  |e VerfasserIn  |0 (DE-627)1239049838  |0 (DE-576)169049833  |4 aut 
245 1 3 |a De vele gezichten van Katharina von Bora  |b de vrouw van Maarten Luther als toonbeeld van de tijd  |c tekst, Tanja Kootte, Sabine Hiebsch, Inge Weustink [und 3 weitere] 
264 1 |a Amsterdam  |b Luther Museum  |c [2025] 
264 1 |a Amsterdam  |b Stichting Lutherse Uitgeverij & Boekhandel  |c [2025] 
300 |a 86 Seiten  |b Illustrationen  |c 24 cm 
336 |a Text  |b txt  |2 rdacontent 
336 |a unbewegtes Bild  |b sti  |2 rdacontent 
337 |a ohne Hilfsmittel zu benutzen  |b n  |2 rdamedia 
338 |a Band  |b nc  |2 rdacarrier 
500 |a Published on the occasion of an exhibition held at the Luther Museum Amsterdam, October 25, 2025-January 25, 2026 
520 |a "Katharina von Bora (1499-1552): de vrouw die eeuwenlang vooral ‘de vrouw van’ werd genoemd, maar zoveel meer was. Door de eeuwen heen telkens opnieuw verbeeld op manieren die vooral pasten bij behoeften van de tijd. In dit boek beschrijft curator Inge Weustink onder meer hoe het beeld van Katharina von Bora door de eeuwen heen veranderde. Aan de hand van historische portretten, propagandadrukwerk, moderne fotografie en filmfragmenten toont zij hoe zij telkens werd heruitgevonden. HoogleraarSabine Hiebsch reconstrueert het leven van Katharina von Bora op basis van het beperkte bronmateriaal dat bewaard is gebleven. Door feiten van fictie te scheiden ontstaat een genuanceerd beeld van een capabele, doortastende vrouw die een belangrijke rol speelde in Luthers hervormende werk, maar ook haar eigen geloofsweg ging. Anne Westerduin de Jong verbindt Katharina’s verhaal met de positie van vrouwen rondom grote theologische figuren. Zij laat zien hoe vrouwen historisch vaak wél invloedrijk waren, maar niet of nauwelijks in de geschiedschrijving verschenen en waarom het noodzakelijk is om hun perspectief opnieuw zichtbaar te maken."-- 
583 1 |a Archivierung/Langzeitarchivierung gewährleistet  |f FID  |x XA-DE-BW  |2 pdager  |5 DE-16 
655 7 |a Ausstellungskatalog  |x Luther Museum  |y 24.10.2025-25.01.2026  |z Amsterdam  |0 (DE-588)4135467-9  |0 (DE-627)10566491X  |0 (DE-576)209660988  |2 gnd-content 
689 0 0 |d p  |0 (DE-588)118575430  |0 (DE-627)146986512  |0 (DE-576)209019956  |a Bora, Katharina von  |d 1499-1552  |2 gnd 
689 0 1 |d s  |0 (DE-588)4006627-7  |0 (DE-627)106376888  |0 (DE-576)208866353  |a Bildnis  |2 gnd 
689 0 2 |d s  |0 (DE-588)4114333-4  |0 (DE-627)105822957  |0 (DE-576)209483733  |a Kunst  |2 gnd 
689 0 3 |a z  |2 gnd  |a Geschichte 1520-1900 
689 0 |5 (DE-627) 
700 1 |a Hiebsch, Sabine  |d 1964-  |e VerfasserIn  |0 (DE-588)1045408522  |0 (DE-627)774508531  |0 (DE-576)399010254  |4 aut 
700 1 |a Weustink, Inge  |e VerfasserIn  |4 aut 
710 2 |a Luther Museum  |e Herausgebendes Organ  |0 (DE-588)1392744431  |0 (DE-627)1965084400  |4 isb  |4 his 
856 4 2 |u https://swbplus.bsz-bw.de/bsz1963563158inh.htm  |m V:DE-576  |m B:DE-16  |v 20260421200502  |3 Inhaltsverzeichnis  |7 1 
951 |a BO 
990 |a Bora, Katharina von 
990 |a Bildnis 
990 |a Kunst 
990 |a Geschichte 1520-1900 
999 |a KXP-PPN1963563158  |e 494386306X